La democracia, más allá de los ídolos /

El autor confronta a la democracia que ha estado asistida de la ilustración y del racionalismo, que ha superado los oscuros temores y ha pasado a la razón; pero está alejada de un trasfondo religioso. Contenido del folleto: El brillo cegador de la ilustración; El trasfondo religioso en la crítica de...

وصف كامل

محفوظ في:
التفاصيل البيبلوغرافية
المؤلف الرئيسي: Vives, Josep (autor)
التنسيق: كتاب
اللغة:الإسبانية
منشور في: Barcelona, España : Cristianisme i Justícia, 2004, c2004
سلاسل:(Cuadernos Cristianisme i Justícia ; 125)
الموضوعات:
الوسوم: إضافة وسم
لا توجد وسوم, كن أول من يضع وسما على هذه التسجيلة!

MARC

LEADER 00000nam^a2200000^a^4500
001 000188297
005 20250521000000.0
009 20260310102331.426
020 |a 84-9730-076-9 
037 |a Acervo ITESO - Biblioteca 
041 |a ESP 
082 |a 320. 01  |b VIV 
100 |a Vives, Josep  |e (autor) 
245 1 3 |a La democracia, más allá de los ídolos /  |c J. Vives. 
264 4 |a Barcelona, España :  |b Cristianisme i Justícia,  |c 2004, c2004 
300 |a 32 p. 
336 |a texto  |b txt  |2 rdacontenido 
337 |a sin mediación  |b n  |2 rdamedio 
338 |a volumen  |b nc  |2 rdasoporte 
440 1 |a (Cuadernos Cristianisme i Justícia ;  |v 125) 
520 |a El autor confronta a la democracia que ha estado asistida de la ilustración y del racionalismo, que ha superado los oscuros temores y ha pasado a la razón; pero está alejada de un trasfondo religioso. Contenido del folleto: El brillo cegador de la ilustración; El trasfondo religioso en la crítica de la sociedad de la Escuela de Frankfurt; La ideología dominante; Las posibles aportaciones de los creyentes a una regeneración social; A modo de conclusión. 
649 |a XX 
650 |a Democracia 
650 |a Ilustración (Filosofía) 
650 |a Racionamiento 
650 |a Iglesia y Estado 
650 |a Política y Religión 
650 |a Filosofía Política 
650 |a Sociología Política 
910 |a Fondo General 
920 |a Impresos - Libros 
930 |a Colección General 
905 |a 101 
901 |a 0500130731  |b IT1  |c ACC  |u 20250521 
902 |a https://opac.biblio.iteso.mx/vufind/Record/000188297